[Event "Vienna op"]
[Site "Vienna"]
[Date "1986.??.??"]
[Round "?"]
[White "Beliavsky, Alexander G"]
[Black "Ornstein, Axel"]
[Result "1/2-1/2"]
[WhiteElo "2625"]
[BlackElo "2455"]

1.d4 Nf6 2.c4 g6 3.Nc3 d5 4.Nf3 Bg7 5.Qb3 dxc4 6.Qxc4 O-O 7.e4 Bg4 8.Be3 Nfd7
9.Rd1 Nc6 10.Qb5 Nb6 11.d5 Ne5 12.Be2 Nxf3+ 13.gxf3 Bh5 14.f4 Bxe2 15.Qxe2 Qd7
16.O-O c6 17.Bd4 Bxd4 18.Rxd4 cxd5 19.Nxd5 Nxd5 20.Rxd5 Qc7 21.Qe3 Rad8 22.Rc1 Qb8
23.Rdc5 Rc8 24.Rxc8 Rxc8 25.Rxc8+ Qxc8 26.Qxa7 Qg4+  1/2-1/2

[Event "Vienna op"]
[Site "Vienna"]
[Date "1986.??.??"]
[Round "?"]
[White "Beliavsky, Alexander G"]
[Black "Quinteros, Miguel A"]
[Result "1-0"]
[WhiteElo "2625"]
[BlackElo "2510"]

1.e4 c5 2.Nf3 b6 3.d4 cxd4 4.Nxd4 Bb7 5.Nc3 Nc6 6.Bf4 Rc8 7.Nxc6 dxc6 8.Qf3 Qd4
9.Rd1 Qc5 10.e5 Rd8 11.Rxd8+ Kxd8 12.Be2 Ke8 13.O-O f5 14.e6 Nf6 15.Rd1 Nd5
16.Be5  1-0

[Event "Vienna op"]
[Site "Vienna"]
[Date "1986.??.??"]
[Round "?"]
[White "Beliavsky, Alexander G"]
[Black "Dueckstein, Andreas"]
[Result "1-0"]
[WhiteElo "2625"]
[BlackElo "2350"]

1.d4 e6 2.c4 Nf6 3.Nf3 Bb4+ 4.Bd2 Qe7 5.g3 Nc6 6.Bg2 Bxd2+ 7.Nbxd2 d6 8.e4 e5
9.d5 Nb8 10.O-O a5 11.c5 dxc5 12.Nc4 Nbd7 13.d6 Qe6 14.Rc1 b5 15.Ncxe5 Nxe5
16.Nxe5 cxd6 17.Nc6 Bb7 18.e5 dxe5 19.Rxc5 Nd7 20.Bd5 Qf6 21.Rc3 Rc8 22.Rf3 Bxc6
23.Rxf6 Nxf6 24.Bxc6+ Rxc6 25.Qf3  1-0

[Event "Vienna op"]
[Site "Vienna"]
[Date "1986.??.??"]
[Round "?"]
[White "Miniboeck, Guenter"]
[Black "Beliavsky, Alexander G"]
[Result "1/2-1/2"]
[WhiteElo "2250"]
[BlackElo "2625"]

1.e4 e6 2.d4 d5 3.exd5 exd5 4.Bd3 Bd6 5.Nc3 c6 6.Nge2 Qh4 7.Be3 Nh6 8.Qd2 Ng4
9.g3 Qf6 10.Bf4 Nd7 11.Bxd6 Qxd6 12.Qf4 Qxf4 13.Nxf4 Ke7 14.f3 Ngf6 15.Kf2 Kd6
16.Nd1 a5 17.Ne3 g6 18.a4 Nb6 19.h4 h5 20.b3 Bd7 21.Rhe1 Rhe8 22.Re2 Kc7
23.Rae1 Nc8 24.c4 dxc4 25.bxc4 Nb6 26.Bc2 Rad8 27.c5 Nbd5 28.Nexd5+ Nxd5
29.Nxd5+ cxd5 30.Re7 Rf8 31.R1e5 Rde8 32.Bb3 f6 33.R5e6 Rxe7 34.Rxe7 Kc6
35.Bxd5+ Kxd5 36.Rxd7+ Kc4 37.Ke3 g5 38.hxg5 fxg5 39.Rxb7 Re8+ 40.Kf2 Kxd4
41.Rb5 Kd3 42.c6 Re2+ 43.Kf1 Rc2 44.Rxg5 Ke3 45.Rf5 Rxc6 46.Kg2 Rc2+ 47.Kh3 Rc4
48.Rxh5 Rxa4 49.f4 Kf3 50.Rc5 Ra1 51.Rc3+ Ke4 52.Kg4 a4 53.Rc5 a3 54.Re5+ Kd4
55.Ra5 a2 56.Kf5 Kc3 57.g4 Kb3 58.g5 Rg1 59.Ke6 Re1+ 60.Kd5 Rd1+ 61.Ke5 Re1+
62.Kd5 Rd1+ 63.Ke5 Re1+ 64.Kf6 Re4 65.Rxa2 Rxf4+ 66.Ke5 Rg4 67.Kf5 Rxg5+
68.Kxg5 Kxa2  1/2-1/2

[Event "Vienna op"]
[Site "Vienna"]
[Date "1986.??.??"]
[Round "?"]
[White "Pils, Walter"]
[Black "Beliavsky, Alexander G"]
[Result "0-1"]
[WhiteElo "2360"]
[BlackElo "2625"]

1.d4 d5 2.Nf3 Nf6 3.Bf4 Bf5 4.e3 e6 5.c3 Be7 6.Qb3 Qc8 7.Nbd2 O-O 8.Be2 c5
9.Ne5 Nc6 10.Ndf3 Nh5 11.dxc5 Nxf4 12.exf4 Bxc5 13.O-O f6 14.Nxc6 bxc6 15.Qa4 Qc7
16.Nd4 Qxf4 17.g3 Qe5 18.Rfe1 Bxd4 19.cxd4 Qd6 20.Rac1 Rfc8 21.Rc5 e5 22.Rec1 Bd7
23.dxe5 fxe5 24.Bg4 Bxg4 25.Qxg4 Rab8 26.b4 a6 27.a4 Rc7 28.b5 axb5 29.axb5 Rxb5
30.Rxb5 cxb5 31.Rxc7 Qxc7 32.Qe6+ Kf8 33.Qxd5 b4 34.Qf3+ Ke8 35.Qd5 Ke7 36.Qg8 Kd6
37.Qxh7 Qc3 38.Qxg7 b3 39.Qf8+ Kd5 40.Qf7+ Kd4 41.Qd7+ Kc4 42.Qc6+ Kd3 43.Qd5+ Kc2
44.Qe4+ Kc1 45.Qe2 b2 46.Qf1+ Kd2 47.Kg2 Qd3  0-1

[Event "Moscow TV"]
[Site "Moscow"]
[Date "1987.??.??"]
[Round "?"]
[White "Beliavsky, Alexander G"]
[Black "Tal, Mihail"]
[Result "1/2-1/2"]
[WhiteElo "2585"]
[BlackElo "2605"]

1.d4 Nf6 2.c4 e6 3.Nf3 d5 4.Nc3 Bb4 5.Bg5 h6 6.Bxf6 Qxf6 7.cxd5 exd5 8.Qb3 c5
9.e3 Nc6 10.dxc5 O-O 11.Bb5 d4 12.Bxc6 bxc6 13.Qxb4 dxc3 14.Rb1 cxb2 15.Qxb2 Qg6
16.O-O Bh3 17.Nh4 Qh5 18.Qb4 Be6 19.Nf3 Bxa2 20.Ra1 a5 21.Qa4 Be6 22.Nd4 Bd5
23.f3 f5 24.Nxc6 Qe8 25.Nxa5 Qxe3+ 26.Kh1 Qxc5 27.Rfc1 Qb6 28.Rcb1 Qe6 29.Re1 Qb6
30.Reb1  1/2-1/2

[Event "Moscow TV"]
[Site "Moscow"]
[Date "1987.??.??"]
[Round "?"]
[White "Tal, Mihail"]
[Black "Beliavsky, Alexander G"]
[Result "1/2-1/2"]
[WhiteElo "2605"]
[BlackElo "2585"]

1.e4 e5 2.Nf3 Nc6 3.Bb5 a6 4.Ba4 Nf6 5.O-O Be7 6.Re1 b5 7.Bb3 d6 8.c3 O-O
9.d4 Bg4 10.Be3 exd4 11.cxd4 Na5 12.Bc2 c5 13.dxc5 Nc4 14.cxd6 Bxd6 15.Nbd2 Qc7
16.h3 Bxf3 17.Nxf3 Nxb2 18.Qe2 Nc4 19.Bg5 Nd7 20.Bb3 Nde5 21.Nxe5 Bxe5 22.Rac1 Rac8
23.Rc2 Bh2+ 24.Kh1 Bf4 25.Bxf4 Qxf4 26.Rec1 Rfe8 27.Bxc4 bxc4 28.Rxc4 Qxc1+
29.Rxc1 Rxc1+ 30.Kh2 Rc6 31.Qd3 g6 32.f4 Rce6 33.e5 Rb8 34.Qc3 h5 35.Kg3 Kg7
36.Kh4 Rb5 37.g4 hxg4 38.hxg4 Rb1 39.Kg3 Rb5 40.a4 Rb1 41.f5 gxf5 42.gxf5 Reb6
43.e6+ f6 44.Qc7+ Kh6 45.Qf4+ Kg7 46.Qg4+ Kf8 47.Qd4 Kg7 48.Kf3 R6b3+ 49.Ke2 R1b2+
50.Ke1 Rg2 51.Kf1 Rgb2 52.Ke1 Rg2 53.Kf1  1/2-1/2

[Event "Madrid rapid"]
[Site "Madrid"]
[Date "1988.??.??"]
[Round "2"]
[White "Beliavsky, Alexander G"]
[Black "Ljubojevic, Ljubomir"]
[Result "0-1"]
[WhiteElo "2645"]
[BlackElo "2610"]

1.d4 Nf6 2.c4 e6 3.Nc3 Bb4 4.e3 c5 5.Ne2 cxd4 6.exd4 d5 7.a3 Be7 8.Nf4 O-O
9.cxd5 Nxd5 10.Ncxd5 exd5 11.Bd3 Nc6 12.O-O Bf6 13.Be3 g6 14.Bc2 Qd6 15.Qd2 a5
16.Bb3 Ne7 17.Rac1 b6 18.Rc3 Bb7 19.Rfc1 Rac8 20.Nd3 Rxc3 21.Rxc3 Nc6 22.Bf4 Qe6
23.Ne5 Nxe5 24.dxe5 Bxe5 25.Bxe5 Qxe5 26.Re3 Qf6 27.Rd3 Re8 28.h3 Re5 29.Qc3 Qd6
30.Rd4 Qe7 31.Rd1 h5 32.Qd4 Qe6 33.Bc2 Ba6 34.Kh2 Re2 35.Bd3 Bxd3 36.Rxd3 Qe4
37.b4 axb4 38.axb4 Qxd4 39.Rxd4 Re4 40.Rxd5 Rxb4 41.g3 Kf8 42.Rd7 h4 43.gxh4 Rxh4
44.Kg3 Rb4 45.f4 Kg7 46.Rd6 Rb1 47.Kg4 b5 48.Rb6 b4 49.Kf3 b3 50.Kg2 b2 51.Kh2 f5
52.Kg2 Kf7 53.h4 Ke7 54.Kh2 Kd7 55.Kg2 Kc7 56.Rb3 Kc6 57.Rb8 Kc5 58.Rb7 Kd4
59.Rb3 Ke4 60.Rb4+ Ke3 61.Kh2 Kf3  0-1

[Event "Madrid rapid"]
[Site "Madrid"]
[Date "1988.??.??"]
[Round "4"]
[White "Beliavsky, Alexander G"]
[Black "Illescas Cordoba, Miguel"]
[Result "1-0"]
[WhiteElo "2645"]
[BlackElo "2495"]

1.d4 Nf6 2.c4 c5 3.d5 a6 4.a4 e5 5.Nc3 d6 6.e4 Be7 7.g3 O-O 8.Bg2 Ne8 9.Nf3 Bg4
10.O-O Nd7 11.h3 Bxf3 12.Qxf3 Bg5 13.h4 Bxc1 14.Raxc1 Nc7 15.Bh3 Rb8 16.Qe2 Re8
17.Kh2 Nf8 18.h5 h6 19.f4 exf4 20.gxf4 Qh4 21.Qf3 Nh7 22.Rce1 b5 23.Re2 bxc4
24.Rg1 Nf6 25.e5 Nxh5 26.Rg4 Qe7 27.Rgg2 Qh4 28.exd6 Rxe2 29.dxc7 Rxg2+ 30.Kxg2 Rxb2+
31.Kg1 Qe1+ 32.Bf1 Qe8 33.Qxh5 g6 34.Qe5 Qd7 35.f5 gxf5 36.Bh3 Rb6 37.Bxf5 Rg6+
38.Kh1  1-0

[Event "Madrid rapid"]
[Site "Madrid"]
[Date "1988.??.??"]
[Round "5"]
[White "Beliavsky, Alexander G"]
[Black "Hjartarson, Johann"]
[Result "1/2-1/2"]
[WhiteElo "2645"]
[BlackElo "2590"]

1.d4 Nf6 2.c4 e6 3.Nc3 Bb4 4.e3 O-O 5.Bd3 d5 6.Nf3 c5 7.O-O b6 8.a3 Bxc3
9.bxc3 Ba6 10.cxd5 exd5 11.Bxa6 Nxa6 12.a4 c4 13.Nd2 Re8 14.Qe2 Qd7 15.f3 Qb7
16.Re1 Re6 17.e4 dxe4 18.fxe4 Nxe4 19.Nxe4 Rae8 20.Qxc4 Rxe4 21.Rxe4 Rxe4
22.Bd2 Nc7 23.Rf1 Ne6 24.Qd3 g6 25.Qf3 f5 26.Qd3 h5 27.h3 Qd7 28.Qc4 Kh7
29.Rb1 Nxd4 30.cxd4 Rxd4 31.Qc3 Rxd2 32.Re1 Rd1 33.a5 bxa5 34.Qxa5 Rxe1+
35.Qxe1 Qc7 36.Qe8 a5 37.Kh1 Kg7 38.Qb5 Qa7 39.Qa4 Qb6 40.h4 Kf6 41.Kh2 Ke5
42.g3 Kd5 43.Kh3 Kc5 44.Qc2+ Kd6 45.Qd3+ Kc7 46.Qc3+ Kb7 47.Qc4 Qc6 48.Qb3+ Ka8
49.Kh2 a4 50.Qb4 Ka7 51.Qa5+ Kb7 52.Qb4+ Ka6 53.Qd4 Kb5 54.Qb2+ Ka5 55.Qd2+ Ka6
56.Qd4 Qc2+ 57.Kh3 Qe4 58.Qd6+ Kb5 59.Kh2 Qe2+ 60.Kh3 Qf3 61.Kh2 a3 62.Qd7+ Kb4
63.Qd6+ Kb3 64.Qb6+ Ka2 65.Qxg6 Qe2+ 66.Kg1 Kb3 67.Qb6+ Kc2 68.Qc5+ Kb2 69.Qb4+ Ka2
70.Qb6 f4 71.gxf4 Qg4+ 72.Kf2 Qxf4+ 73.Ke2 Qxh4 74.Qe6+ Kb2 75.Qe5+ Kc2 76.Qc5+ Kb3
77.Qe3+ Kb4 78.Qd2+ Kb5 79.Qd7+ Kb4 80.Qd6+ Ka4 81.Qa6+ Kb3 82.Qd3+ Kb4 83.Qd6+ Kb5
84.Qd5+ Kb6 85.Qd6+ Kb5 86.Qd5+ Kb4 87.Qd6+ Kc4 88.Qd3+ Kc5 89.Qxa3+ Kd5
90.Qa5+  1/2-1/2

[Event "Thessaloniki ol (Men)"]
[Site "Thessaloniki"]
[Date "1988.??.??"]
[Round "4"]
[White "Marin, Mihail"]
[Black "Beliavsky, Alexander G"]
[Result "0-1"]
[WhiteElo "2480"]
[BlackElo "2665"]

1.d4 Nf6 2.c4 e6 3.Nc3 Bb4 4.e3 c5 5.Bd3 Nc6 6.Ne2 cxd4 7.exd4 d5 8.cxd5 Nxd5
9.a3 Bd6 10.Ne4 Be7 11.O-O O-O 12.Bb1 Re8 13.Qd3 g6 14.Ba2 b6 15.Bh6 Bb7
16.Rfd1 Rc8 17.N2c3 Nxc3 18.Nxc3 Bg5 19.Bxg5 Qxg5 20.d5 Ne5 21.Qg3 Qxg3 22.hxg3 exd5
23.Bxd5 Bxd5 24.Nxd5 Kg7 25.Ne3 Red8 26.Kf1 h5 27.Ke2 Re8 28.Rac1 Nc4 29.Rc2 Rc5
30.Rdc1 Nxe3 31.fxe3 Rg5 32.Kf3 Rge5 33.Rc3 R8e6 34.Rf1 Rb5 35.b3 Rg5 36.Rf2 Rf6+
37.Ke2 Rxg3 38.Rc7 Re6 39.Rcxf7+ Kh6 40.R7f3 Rg5 41.Rf7 h4 42.Rd7 Rg3 43.Rd3 Kh5
44.Kd2 Re5 45.Ke2 Rc5 46.b4 Rc1 47.Rd7 Rg1 48.Rxa7 R1xg2 49.Rxg2 Rxg2+ 50.Kf3 Rg3+
51.Kf2 Kg4 52.Rf7 g5 53.a4 h3 54.Rh7 Rg2+ 55.Kf1 Kg3  0-1

[Event "Thessaloniki ol (Men)"]
[Site "Thessaloniki"]
[Date "1988.??.??"]
[Round "7"]
[White "Beliavsky, Alexander G"]
[Black "Hellers, Ferdinand"]
[Result "1/2-1/2"]
[WhiteElo "2665"]
[BlackElo "2490"]

1.d4 Nf6 2.c4 g6 3.Nc3 Bg7 4.e4 d6 5.f3 O-O 6.Be3 b6 7.Bd3 a6 8.Nge2 c5 9.e5 Nfd7
10.exd6 cxd4 11.dxe7 Qxe7 12.Nd5 Qd6 13.Bxd4 Bxd4 14.Nxd4 Bb7 15.O-O Ne5
16.Re1 Bxd5 17.cxd5 Nxd3 18.Qxd3 Qxd5 19.Qc3 Nd7 20.Nc6 Qc5+ 21.Qxc5 Nxc5
22.b4 Ne6 23.Rad1 Rfe8 24.Rd7 Nf4 25.Ne7+ Kf8 26.g3 Nd5 27.Nxg6+ hxg6 28.Rxe8+ Rxe8
29.Rxd5 Re1+ 30.Kf2 Rb1 31.a3 Rb3 32.Rd6 Rxa3 33.Rxb6 a5 34.Rb8+ Kg7 35.b5 Rb3
36.g4 a4 37.h4 a3 38.Kg3 a2 39.Ra8 Rxb5 40.Rxa2 Rc5 41.Re2 Ra5 42.Kf4 Kf6
43.Re8 Kg7 44.Re5 Ra4+ 45.Kg3 Rb4 46.Rd5 Ra4 47.h5 gxh5 48.gxh5 Kh6 49.f4 Ra1
50.Kg4 Rh1 51.Rd6+ Kg7 52.Rd3 Ra1 53.Rg3 Ra5 54.Rg1 Kh6 55.Rd1 Rxh5 56.Rd6+  1/2-1/2

[Event "Thessaloniki ol (Men)"]
[Site "Thessaloniki"]
[Date "1988.??.??"]
[Round "11"]
[White "Beliavsky, Alexander G"]
[Black "Piket, Jeroen"]
[Result "1/2-1/2"]
[WhiteElo "2665"]
[BlackElo "2495"]

1.d4 Nf6 2.c4 c6 3.Nc3 d5 4.Nf3 e6 5.Bg5 dxc4 6.e4 b5 7.e5 h6 8.Bh4 g5 9.Nxg5 hxg5
10.Bxg5 Nbd7 11.g3 Rg8 12.Bxf6 Nxf6 13.exf6 Qxf6 14.Bg2 Bb7 15.Nxb5 O-O-O
16.Nxa7+ Kc7 17.O-O Ra8 18.Nxc6 Bxc6 19.Bxc6 Kxc6 20.Qe2 Kd7 21.Qxc4 Ra5
22.d5 Rxd5 23.Qa4+ Ke7 24.Rac1 Qf5  1/2-1/2

[Event "Thessaloniki ol (Men)"]
[Site "Thessaloniki"]
[Date "1988.??.??"]
[Round "13"]
[White "Beliavsky, Alexander G"]
[Black "Inkiov, Ventzislav"]
[Result "1-0"]
[WhiteElo "2665"]
[BlackElo "2485"]

1.d4 Nf6 2.c4 e6 3.Nc3 Bb4 4.e3 c5 5.Ne2 O-O 6.a3 cxd4 7.axb4 dxc3 8.Nxc3 d5
9.cxd5 exd5 10.Be2 Nc6 11.b5 Ne7 12.O-O Nf5 13.Ra4 Be6 14.g4 Nd6 15.f4 Nde4
16.f5 Nxc3 17.bxc3 Bd7 18.Rd4 h5 19.gxh5 Ne4 20.Bd3 Re8 21.Qg4 Qb6 22.c4 Rac8
23.Qg2 Qh6 24.Rxd5 Nf6 25.e4 Qxh5 26.Bb2  1-0

[Event "OHRA-A"]
[Site "Amsterdam"]
[Date "1989.??.??"]
[Round "?"]
[White "Beliavsky, Alexander G"]
[Black "Kortschnoj, Viktor"]
[Result "1/2-1/2"]
[WhiteElo "2620"]
[BlackElo "2655"]

1.d4 Nf6 2.c4 e6 3.Nc3 Bb4 4.Qc2 d5 5.Bg5 dxc4 6.e3 c5 7.dxc5 Nbd7 8.c6 bxc6
9.Bxc4 Qa5 10.Bxf6 Nxf6 11.Ne2 O-O 12.O-O Be7 13.Rac1 Bb7 14.Nd4 Rab8 15.Be2 Ba8
16.b3 Ba3  1/2-1/2

[Event "OHRA-A"]
[Site "Amsterdam"]
[Date "1989.??.??"]
[Round "?"]
[White "Beliavsky, Alexander G"]
[Black "Piket, Jeroen"]
[Result "1-0"]
[WhiteElo "2620"]
[BlackElo "2540"]

1.d4 Nf6 2.c4 c6 3.Nc3 d5 4.Nf3 e6 5.Bg5 dxc4 6.e4 b5 7.e5 h6 8.Bh4 g5 9.Nxg5 hxg5
10.Bxg5 Nbd7 11.g3 Bb7 12.Bg2 Qb6 13.exf6 O-O-O 14.O-O c5 15.d5 b4 16.Na4 Qb5
17.dxe6 Bxg2 18.Kxg2 Qc6+ 19.f3 Qxe6 20.Qc2 Ne5 21.Rae1 Qh3+ 22.Kg1 Nd3 23.Re2 Bd6
24.Qxc4 Bxg3 25.Qg4+ Qxg4 26.fxg4 Bc7 27.Rf3 Ne5 28.Rf5 Rd1+ 29.Kg2 Nd3 30.h4 Ne1+
31.Kh3 Nc2 32.Re7 Bd6 33.Nxc5 Nd4 34.Rd5 Rh1+ 35.Kg2 Rh2+ 36.Kf1 Rh1+ 37.Kf2 Rh2+
38.Ke3 Bxe7 39.fxe7 Nc6 40.Ne4 Rh3+ 41.Kf4  1-0

[Event "OHRA-A"]
[Site "Amsterdam"]
[Date "1989.??.??"]
[Round "?"]
[White "Kortschnoj, Viktor"]
[Black "Beliavsky, Alexander G"]
[Result "1/2-1/2"]
[WhiteElo "2655"]
[BlackElo "2620"]

1.d4 Nf6 2.c4 e6 3.Nc3 Bb4 4.Qc2 O-O 5.a3 Bxc3+ 6.Qxc3 b6 7.Bg5 c5 8.dxc5 bxc5
9.Nf3 Bb7 10.e3 Nc6 11.Bd3 h6 12.Bh4 d6 13.Rd1 Qe7 14.O-O a5 15.Bc2 Rfd8
16.Nd2 g5 17.Bg3 d5 18.cxd5 Nxd5 19.Qb3 Ba6 20.Rfe1 Ra7 21.Ne4 Rb7 22.Qa2 f5
23.Ba4 Rb6 24.Nxc5 Qxc5 25.Rc1 Ncb4 26.axb4 Qxb4 27.Be5 Bb5 28.b3 Rc6 29.Bxb5 Rxc1
30.Rxc1 Qxb5 31.Qd2 Qxb3 32.Qxa5 Qb6 33.Qa3 Qb7 34.h3 Rc8 35.Ra1 Kf7 36.Qd6 Ne7
37.Qd1 Kg6 38.Qd6 Kf7 39.Bd4 Qd5 40.Qa6 Qc4 41.Qa3 Qc6 42.Bg7 Rg8 43.Bb2 g4
44.Rc1 Qb7 45.h4 g3 46.f3 Nd5 47.Be5 Qb6 48.h5  1/2-1/2

[Event "EU-chT"]
[Site "Haifa"]
[Date "1989.??.??"]
[Round "1"]
[White "Bellon Lopez, Juan Manuel"]
[Black "Beliavsky, Alexander G"]
[Result "1-0"]
[WhiteElo "2450"]
[BlackElo "2620"]

1.d4 Nf6 2.c4 e6 3.Nf3 b6 4.e3 Bb7 5.Bd3 Be7 6.O-O O-O 7.b3 c5 8.Bb2 cxd4
9.exd4 d5 10.Ne5 Nc6 11.Nxc6 Bxc6 12.Nd2 Qd6 13.Rc1 Rac8 14.Qe2 Qf4 15.g3 Qh6
16.f4 dxc4 17.bxc4 Rfd8 18.Nf3 Ng4 19.h4 Bb7 20.Ng5 Nf6 21.f5 e5 22.d5 Nh5
23.f6 gxf6 24.Bxh7+ Kf8 25.Qf3 b5 26.Be4 Bd6 27.cxb5 Kg7 28.Nh3 Rg8 29.g4 Nf4
30.Nxf4 exf4 31.g5 Qxh4 32.Bxf6+ Kf8 33.Rxc8+ Bxc8 34.Rc1 Bd7 35.Qf2 Rxg5+
36.Bxg5 Qxg5+ 37.Qg2 Qh6 38.Qh2 Qg7+ 39.Kh1 Qe5 40.Bf3 Qe3 41.Qh8+ Ke7 42.Qh4+  1-0

[Event "EU-chT"]
[Site "Haifa"]
[Date "1989.??.??"]
[Round "9"]
[White "Georgiev, Kiril"]
[Black "Beliavsky, Alexander G"]
[Result "1/2-1/2"]
[WhiteElo "2590"]
[BlackElo "2620"]

1.e4 e5 2.Nf3 Nc6 3.Bb5 a6 4.Ba4 Nf6 5.O-O Be7 6.Re1 b5 7.Bb3 d6 8.c3 O-O
9.h3 Nb8 10.d4 Nbd7 11.Nbd2 Bb7 12.Bc2 Re8 13.Nf1 Bf8 14.Ng3 g6 15.a4 c5
16.d5 c4 17.Bg5 h6 18.Be3 Nc5 19.Qd2 h5 20.Bg5 Be7 21.Bh6 Bf8 22.Bg5 Be7
23.Ra3 Rb8 24.Bh6 Bc8 25.axb5 axb5 26.Be3 h4 27.Nxh4 Nfxe4 28.Nxe4 Nxe4 29.Bxe4 Bxh4
30.g3 Be7 31.h4 f5 32.Bg2 Bf6 33.Rea1 Kf7 34.b3 cxb3 35.Rxb3 Re7 36.Rab1 Reb7
37.Bf1 f4 38.gxf4 Bf5 39.R1b2 Qh8 40.fxe5 Bxe5 41.Bg5 Rc7 42.Rxb5 Rxb5 43.Rxb5 Bxc3
44.Qf4 Qe5 45.Rb6 Qxf4 46.Bxf4 Be5 47.Be3 Rc3 48.Rb4 Ra3 49.Be2 Bh3 50.Rc4 Ra1+
51.Rc1 Ra4 52.Rc7+ Kg8 53.Rc4 Ra1+ 54.Rc1 Ra4 55.Bg5 Bf5 56.Rc4 Rxc4 57.Bxc4 Be4
58.f4 Bd4+ 59.Kh2 Kf7 60.Kg3 Bc3 61.Bd8 Bf6 62.Bxf6 Kxf6 63.Kf2 Bh1 64.Ke3 Bg2
65.Bb3 Bh1 66.Kd4 Kf5 67.Bc2+ Kxf4 68.Bxg6 Bf3 69.Bf7 Kg4 70.h5 Kg5 71.Kc4 Kf6  1/2-1/2

[Event "OHRA-A"]
[Site "Amsterdam"]
[Date "1990.??.??"]
[Round "1"]
[White "Portisch, Lajos"]
[Black "Beliavsky, Alexander G"]
[Result "0-1"]
[WhiteElo "2590"]
[BlackElo "2605"]

1.d4 Nf6 2.c4 e6 3.Nc3 Bb4 4.e3 c5 5.Bd3 Nc6 6.Nf3 d5 7.O-O O-O 8.a3 Bxc3
9.bxc3 Qc7 10.cxd5 exd5 11.Nh4 Qa5 12.Bb2 Re8 13.Qc1 Bd7 14.Nf5 Qc7 15.Ng3 Na5
16.Qd1 Rad8 17.Re1 Ne4 18.Nf1 Bf5 19.f3 Nd6 20.Bxf5 Nxf5 21.Qd3 Nd6 22.Rab1 cxd4
23.cxd4 Qc4 24.Qd2 Qa4 25.Bc1 Rc8 26.Qb4 Qxb4 27.axb4 Nac4 28.Ng3 Nb5 29.Kf2 Ncd6
30.Rb2 Nxd4 31.Rd1 N4b5 32.Ne2 Nc4 33.Rb3 Nb6 34.Rd2 f6 35.Bb2 Kf7 36.Ba1 Red8
37.Nd4 Nxd4 38.Bxd4 Nc4 39.Rd1 a6 40.g4 Rd7 41.h4 Ke6 42.Kg3 Nd6 43.Rbd3 Rc4
44.Bc3 h5 45.gxh5 Nf5+ 46.Kf2 Rdc7 47.Be1 Rxh4 48.Rxd5 Rh2+ 49.Kg1 Rg2+ 50.Kxg2 Nxe3+
51.Kg3 Nxd5 52.Rd4 Rc1 53.Re4+ Kf7 54.Kf2 Rc2+ 55.Kg3 Ne7 56.Kh3 Nc6 57.Bg3 Rd2
58.Kg4 Nd4 59.Re1 Rd3 60.Rc1 Nc6 61.b5 axb5 62.Rc5 b4 63.Rb5 b3 64.f4 b6
65.Rxb6 Na5 66.Bh4 Nc4 67.Rb7+ Ke6 68.f5+ Ke5 69.h6 Ne3+ 70.Kf3 Nd5+ 71.Ke2 Nf4+
72.Kf2 gxh6 73.Rb5+ Nd5 74.Ke2 Ke4 75.Rb8 Nf4+ 76.Kf1 Rd1+ 77.Kf2 b2  0-1

[Event "OHRA-A"]
[Site "Amsterdam"]
[Date "1990.??.??"]
[Round "2"]
[White "Beliavsky, Alexander G"]
[Black "Azmaiparashvili, Zurab"]
[Result "1/2-1/2"]
[WhiteElo "2605"]
[BlackElo "2575"]

1.d4 Nf6 2.c4 e6 3.g3 d5 4.Bg2 Bb4+ 5.Bd2 Be7 6.Bc3 b6 7.Nh3 Bb7 8.O-O Qc8
9.cxd5 Bxd5 10.Nf4 Bxg2 11.Kxg2 O-O 12.Nd2 Qb7+ 13.f3 Ng4 14.Nc4 Qc6 15.h3 Qxc4
16.hxg4 Nd7 17.Rh1 Rfd8 18.d5 e5 19.Qd3 Qxd3 20.Nxd3 Rac8 21.Rac1 c6 22.Bxe5 cxd5
23.Bd4 Nc5 24.Nf4 Ne6 25.Rxc8 Nxf4+ 26.gxf4 Rxc8 27.Rh5 Rd8 28.Kf2 Bc5 29.Bxc5 bxc5
30.Ke3 h6 31.Rh1 Kf8 32.Rc1 Re8+ 33.Kd2 Rb8 34.b3 Rb5 35.e4 Ke7 36.exd5 Kd6
37.Ke3 Rb4 38.Rd1 a5 39.Rd3 a4 40.f5 axb3 41.axb3 g6 42.fxg6 fxg6 43.Kf2 h5
44.gxh5  1/2-1/2

[Event "OHRA-A"]
[Site "Amsterdam"]
[Date "1990.??.??"]
[Round "7"]
[White "Azmaiparashvili, Zurab"]
[Black "Beliavsky, Alexander G"]
[Result "1/2-1/2"]
[WhiteElo "2575"]
[BlackElo "2605"]

1.c4 Nf6 2.Nc3 e6 3.e4 c5 4.e5 Ng8 5.d4 cxd4 6.Qxd4 Nc6 7.Qe4 d6 8.Nf3 Qa5
9.exd6 Bxd6 10.Bd2 Nf6 11.Qd3 Bb4 12.a3 Ne5 13.Nxe5 Qxe5+ 14.Be2 Be7 15.O-O O-O
16.Rfd1 Bd7 17.Qe3 Qc7 18.Rac1 Rac8 19.Nb5 Bxb5 20.cxb5 Bc5 21.Qf3 Qe7 22.Be1 Rfd8
23.Rxd8+ Rxd8 24.Qf4 h6 25.Qc4 Rc8 26.Kf1 Rc7 27.Qb3 Bd4 28.Rd1 Qc5 29.Qb4 Qxb4
30.Bxb4 Bxb2 31.Bf3 g5 32.h3 Be5 33.Rd8+ Kg7 34.Ke2 h5 35.g4 hxg4 36.hxg4 b6
37.Kd3 Rd7+ 38.Rxd7 Nxd7 39.Bc6 Nf6 40.f3 Kg6 41.a4 Bc7 42.Kd4 Ng8 43.Bd7 Kf6
44.Ba3 Ne7 45.Bxe7+ Kxe7 46.Bc6 f5 47.Bb7 Kd7 48.gxf5 exf5 49.Bd5 Bh2 50.Bb3 Kd6
51.Bc2 Bg1+ 52.Kc4  1/2-1/2

[Event "OHRA-A"]
[Site "Amsterdam"]
[Date "1990.??.??"]
[Round "9"]
[White "Beliavsky, Alexander G"]
[Black "Van der Wiel, John TH"]
[Result "1-0"]
[WhiteElo "2605"]
[BlackElo "2555"]

1.d4 e6 2.c4 f5 3.g3 Nf6 4.Bg2 d5 5.Nf3 c6 6.O-O Bd6 7.Bf4 Bxf4 8.gxf4 O-O
9.e3 Nbd7 10.Ne5 Nxe5 11.dxe5 Nd7 12.Nd2 Qe7 13.Rc1 Rd8 14.Qc2 Nf8 15.Nb3 Ng6
16.cxd5 exd5 17.Nd4 Nh4 18.Bh3 g5 19.Kh1 g4 20.Rg1 h5 21.Bf1 Rf8 22.f3 Rf7
23.Qf2 Ng6 24.Bd3 Kg7 25.b4 a5 26.Qc2 Nh4 27.b5 cxb5 28.Qf2 Kf8 29.Bxb5 Nxf3
30.Nxf3 gxf3 31.Qxf3 Be6 32.Rg6 d4 33.Rcg1 Qc5 34.Rxe6 Qxb5 35.Qg2  1-0

[Event "Munich"]
[Site "Munich"]
[Date "1990.??.??"]
[Round "?"]
[White "Jussupow, Artur"]
[Black "Beliavsky, Alexander G"]
[Result "0-1"]
[WhiteElo "2615"]
[BlackElo "2640"]

1.d4 Nf6 2.c4 e6 3.Nf3 b6 4.g3 Bb7 5.Bg2 Be7 6.O-O O-O 7.d5 exd5 8.Nh4 c6
9.cxd5 Nxd5 10.Nf5 Nc7 11.Nc3 d5 12.e4 Nba6 13.Bf4 Bf6 14.Nd6 Bc8 15.exd5 Bxc3
16.bxc3 Nxd5 17.Bxd5 cxd5 18.Qxd5 Be6 19.Qh5 Qd7 20.Rfe1 Nc5 21.Re3 Rad8
22.Rae1 Qa4 23.a3 Rd7 24.Nf5 Bxf5 25.Qxf5 Ne6 26.Be5 Rfd8 27.Rf3 Qxa3 28.h4 Qe7
29.Kg2 Rd5 30.Qg4 Qb7 31.Kh2 Rd1 32.Re4 h5 33.Qf5 Rf1 34.Bd4 Rd5 35.Re5 Rxe5
36.Bxe5 Re1 37.Kg2 Rd1 38.Kh2 Rd5 39.Kg2 g5 40.c4 Rc5  0-1

[Event "Munich"]
[Site "Munich"]
[Date "1990.??.??"]
[Round "?"]
[White "Brunner, Lucas"]
[Black "Beliavsky, Alexander G"]
[Result "1/2-1/2"]
[WhiteElo "2525"]
[BlackElo "2640"]

1.e4 e5 2.Nf3 Nc6 3.Bb5 a6 4.Ba4 Nf6 5.O-O Be7 6.Re1 b5 7.Bb3 d6 8.c3 O-O
9.h3 Nb8 10.d4 Nbd7 11.Nbd2 Bb7 12.Bc2 Re8 13.Nf1 Bf8 14.Ng3 g6 15.a4 c5
16.d5 c4 17.Bg5 h6 18.Be3 Nc5 19.Qd2 h5 20.Bg5 Be7 21.Bh6 Bf8 22.Bg5 Be7
23.Bh6 Nh7 24.Ra3 Rb8 25.Be3 Qb6 26.Rea1 Bc8 27.axb5 axb5 28.Qe1 Bd7 29.Nd2 Bg5
30.Bxg5 Nxg5 31.Qe3 Nh7 32.Ne2 Rec8 33.Nc1 Qd8 34.Na2 Ra8 35.Nb4 Rxa3 36.Rxa3 Ra8
37.Rxa8 Qxa8 38.b3 cxb3 39.Nxb3 Nxb3 40.Bxb3 Qa1+ 41.Kh2 Nf6 42.Bc2 Kg7 43.Qd2 Qb2
44.Qe3 h4 45.Bd1 Qb1 46.Bf3 Qf1 47.Qb6 Qe1 48.Qxd6 Qxc3 49.Nc6 Bxc6 50.dxc6 b4
51.c7 Ne8 52.Qxb4 Qxb4 53.c8=Q Nf6 54.Qc2 Qd4 55.Qe2 Nd7 56.g3 hxg3+ 57.fxg3 Nc5
58.Bg2 Na4 59.h4 Nc3 60.Qf3 Kf8 61.Kh3 Nd1 62.Kh2 Ne3 63.Qe2 Kg7 64.Bf3 Qc3
65.Bg2 Qc1 66.Bh3 Nc2 67.Bg2 Nd4 68.Qf2 Qd1 69.Kh3 g5 70.Qe3 Ne6 71.Qf3 Qd4
72.Qg4 Qf2 73.Qf3 Qd4 74.Qg4 Qd3 75.Kh2 Qd8 76.Qf5 Qf6 77.Qxf6+ Kxf6 78.Bf3 gxh4  1/2-1/2

[Event "Munich"]
[Site "Munich"]
[Date "1990.??.??"]
[Round "?"]
[White "Bischoff, Klaus"]
[Black "Beliavsky, Alexander G"]
[Result "1/2-1/2"]
[WhiteElo "2505"]
[BlackElo "2640"]

1.c4 e6 2.Nc3 Nf6 3.Nf3 d5 4.e3 Be7 5.b3 O-O 6.Bb2 c5 7.cxd5 Nxd5 8.Qb1 Nc6
9.Bd3 h6 10.O-O Qc7 11.Rc1 Rd8 12.Nxd5 exd5 13.Bh7+ Kh8 14.Bf5 b6 15.d4 a5
16.Bxc8 Qxc8 17.a4 Qe6 18.Bc3 Kg8 19.Qd3 Bf8 20.Qb5 Na7 21.Qe2 Nc6 22.Qb5 Na7
23.Qe2 Nc6  1/2-1/2

[Event "Munich"]
[Site "Munich"]
[Date "1990.??.??"]
[Round "?"]
[White "Beliavsky, Alexander G"]
[Black "Hickl, Joerg"]
[Result "0-1"]
[WhiteElo "2640"]
[BlackElo "2500"]

1.d4 Nf6 2.c4 d6 3.Nc3 Nbd7 4.e4 e5 5.Nf3 Be7 6.Be2 O-O 7.O-O c6 8.Qc2 Re8
9.Rd1 Qc7 10.b3 Nf8 11.h3 Ng6 12.Be3 h6 13.Rac1 Nh7 14.Qd2 Nh4 15.Nxh4 Bxh4
16.b4 Bg5 17.d5 Bxe3 18.Qxe3 Nf6 19.dxc6 bxc6 20.c5 dxc5 21.Qxc5 Qe7 22.Rd6 Bb7
23.Rcd1 Kh7 24.f3 Rec8 25.Bc4 Rc7 26.Ne2 a5 27.a3 axb4 28.axb4 Ne8 29.R6d2 Qxc5+
30.bxc5 Nf6 31.Nc1 Ra4 32.Bb3 Ra3 33.Rd8 g5 34.Kf2 Kg7 35.Ke1 Bc8 36.R1d6 Nh5
37.Kd2 Nf4 38.Kc3 Be6 39.Kb2 Rxb3+ 40.Nxb3 Rb7 41.g3 Rxb3+ 42.Kc2 Rb5 43.gxf4 Rxc5+
44.Kd2 exf4 45.h4 gxh4 46.Ke2 h3  0-1

[Event "Novi Sad ol (Men)"]
[Site "Novi Sad"]
[Date "1990.??.??"]
[Round "2"]
[White "Pritchett, Craig William"]
[Black "Beliavsky, Alexander G"]
[Result "0-1"]
[WhiteElo "2355"]
[BlackElo "2605"]

1.Nf3 Nf6 2.c4 e6 3.Nc3 d5 4.d4 dxc4 5.e3 a6 6.Bxc4 b5 7.Bb3 c5 8.O-O Bb7
9.Qe2 Be7 10.Rd1 O-O 11.e4 b4 12.e5 bxc3 13.exf6 Bxf6 14.bxc3 cxd4 15.Ba3 Re8
16.cxd4 Qa5 17.Bd6 Bd5 18.Ne5 Rd8 19.Bxd5 Qxd5 20.Bc7 Rc8 21.Rac1 Nd7 22.Nxd7 Qxd7
23.Be5 Rxc1 24.Rxc1 Bd8 25.Qc4 f6 26.Bf4 Kf7 27.Be3 Be7 28.g3 Qb5 29.a4 Qxc4
30.Rxc4 Rd8 31.Rc6 Rd6 32.Rxd6 Bxd6 33.Kf1 h5 34.Ke2 g5 35.Kd3 g4 36.Kc4 Ke7
37.Bd2 Kd7 38.Bc1 Kc6 39.Be3 Bc7 40.Bd2 Bd8 41.Bb4 f5 42.Bd2 h4 43.Bf4 h3
44.Bd2 Bc7 45.Be3 Ba5 46.Bf4 Be1 47.Be3 Kd6 48.Bf4+ Kd7 49.Be3 Kc6 50.Kd3 Kd5
51.Ke2 Bc3 52.Kd3 Bb2 53.f4 gxf3 54.Bf2 Bc1 55.Kc2 Bg5 56.Kd3 Bf6 57.Be3 Bd8
58.Bd2 f2 59.Ke2 Kxd4 60.Be3+ Ke4 61.Bxf2 Bc7  0-1